An introduction to John Owen : (Record no. 20799)

MARC details
000 -LEADER
fixed length control field 02182cam a2200445 i 4500
001 - CONTROL NUMBER
control field 21154101
003 - CONTROL NUMBER IDENTIFIER
control field OSt
005 - DATE AND TIME OF LATEST TRANSACTION
control field 20251128160121.0
006 - FIXED-LENGTH DATA ELEMENTS--ADDITIONAL MATERIAL CHARACTERISTICS
fixed length control field m |o d |
007 - PHYSICAL DESCRIPTION FIXED FIELD--GENERAL INFORMATION
fixed length control field cr |||||||||||
008 - FIXED-LENGTH DATA ELEMENTS--GENERAL INFORMATION
fixed length control field 190730s2020 ilu ob 001 0deng
010 ## - LIBRARY OF CONGRESS CONTROL NUMBER
LC control number 2019032179
020 ## - INTERNATIONAL STANDARD BOOK NUMBER
International Standard Book Number 9781433569685
Qualifying information (epub)
020 ## - INTERNATIONAL STANDARD BOOK NUMBER
International Standard Book Number 9781433569661
Qualifying information (pdf)
020 ## - INTERNATIONAL STANDARD BOOK NUMBER
International Standard Book Number 9781433569678
Qualifying information (mobi)
020 ## - INTERNATIONAL STANDARD BOOK NUMBER
Canceled/invalid ISBN 9781433569654
Qualifying information (trade paperback)
035 ## - SYSTEM CONTROL NUMBER
System control number 21154101
040 ## - CATALOGING SOURCE
Original cataloging agency DLC
Language of cataloging eng
Transcribing agency DLC
Description conventions rda
Modifying agency DLC
042 ## - AUTHENTICATION CODE
Authentication code pcc
050 00 - LIBRARY OF CONGRESS CALL NUMBER
Classification number BX5207.O88
082 00 - DEWEY DECIMAL CLASSIFICATION NUMBER
Classification number 230/.59092
Edition number 23
100 1# - MAIN ENTRY--PERSONAL NAME
Personal name Gribben, Crawford,
Relator term author.
245 13 - TITLE STATEMENT
Title An introduction to John Owen :
Remainder of title a Christian vision for every stage of life /
Statement of responsibility, etc. Crawford Gribben.
264 #1 - PRODUCTION, PUBLICATION, DISTRIBUTION, MANUFACTURE, AND COPYRIGHT NOTICE
Place of production, publication, distribution, manufacture Wheaton, Illinois :
Name of producer, publisher, distributor, manufacturer Crossway,
Date of production, publication, distribution, manufacture, or copyright notice 2020.
300 ## - PHYSICAL DESCRIPTION
Extent 1 online resource
336 ## - CONTENT TYPE
Content type term text
Content type code txt
Source rdacontent
337 ## - MEDIA TYPE
Media type term computer
Media type code c
Source rdamedia
338 ## - CARRIER TYPE
Carrier type term online resource
Carrier type code cr
Source rdacarrier
504 ## - BIBLIOGRAPHY, ETC. NOTE
Bibliography, etc Includes bibliographical references and indexes.
505 0# - FORMATTED CONTENTS NOTE
Formatted contents note Childhood -- Youth -- Middle age -- Death and eternal life.
520 ## - SUMMARY, ETC.
Summary, etc. "This book is an introduction to the work of John Owen (1616-1683), considered by some the greatest of English Protestant theologians. It focuses on Owen's description of the spiritual lives of his ideal readers. The book sets out to discover the kind of life he hoped his readers would experience. The good life is enabled by divine grace and extends that grace to others. This book describes Owen's suggestions as to how that grace should flow through the Christian life, from birth to the beatific vision, as the gift of the one who is the source, guide, and goal of all things"--
Assigning source Provided by publisher.
588 ## - SOURCE OF DESCRIPTION NOTE
Source of description note Description based on print version record and CIP data provided by publisher.
600 10 - SUBJECT ADDED ENTRY--PERSONAL NAME
Personal name Owen, John,
Dates associated with a name 1616-1683.
650 #0 - SUBJECT ADDED ENTRY--TOPICAL TERM
Topical term or geographic name as entry element Spiritual life
General subdivision Christianity.
650 #0 - SUBJECT ADDED ENTRY--TOPICAL TERM
Topical term or geographic name as entry element Grace (Theology)
776 08 - ADDITIONAL PHYSICAL FORM ENTRY
Relationship information Print version:
Main entry heading Gribben, Crawford.
Title An introduction to John Owen
Place, publisher, and date of publication Wheaton, Illinois : Crossway, 2020.
International Standard Book Number 9781433569654
Record control number (DLC) 2019032178
906 ## - LOCAL DATA ELEMENT F, LDF (RLIN)
a 7
b cbc
c orignew
d 1
e ecip
f 20
g y-gencatlg
942 ## - ADDED ENTRY ELEMENTS (KOHA)
Source of classification or shelving scheme Library of Congress Classification
Koha item type General Collection
Holdings
Withdrawn status Lost status Source of classification or shelving scheme Not for loan Home library Current library Shelving location Date acquired Source of acquisition Inventory number Total Checkouts Full call number Barcode Date last seen Copy number Price effective from Koha item type
    Library of Congress Classification   Kabarak, Main Campus Kabarak, Main Campus General Stacks 28/11/2025 Donation 2025/3270   BX5207.O88 2020 C.1 39704 28/11/2025 C.1 28/11/2025 General Collection
Designed with assistance from East African Informatics Ltd